INFORMÁCIA VO VEDECKOM VÝSKUME

Bibliographic Details
Main Author: Okálová, Magda (Author)
Format: Article
Language:Slovak

MARC

LEADER 00000nab a2200000uu 4500
001 vtls011459336
003 SK-MaSNL
005 20260303113335.0
008 230121|1970 xo |||||||||||||||||slo|
015 |a SNBRB 
035 |a (urnnbn)urn:nbn:sk:snk:ar-a0a9qr 
035 |a (uuid)fb9dbaba-ccd6-4b9b-9637-3337202e2849 
035 |a urn:nbn:sk:snk-abcthr 
040 |a SNKBUCL  |b slo  |c SNKBUCL  |e AACR2 
041 0 |a slo 
044 |a xo  |c SK 
100 1 |a Okálová, Magda  |4 aut  |9 398771 
245 1 0 |a INFORMÁCIA VO VEDECKOM VÝSKUME  |c Magda Okálová 
773 0 |t Knižnice a vedecké informácie  |g Roč. 2, č. 2 (1970), s. 85-92 
954 |a odborná, vedecká literatúra pôvodná (slovenská)  |2 lita 
958 |a OND 
958 |a EUIPO 
958 |a article16 
999 |c 1891949  |d 1893879